000 00487nam a2200181Ia 4500
008 100917s9999 xx 000 0 und d
082 _b44568
100 _aमाडगुळकर ग. दि.
245 _aचैत्रबन
260 _bदेशमुख प्रकाशन
_c1961
300 _a136
365 _b25
520 _aकविता
630 _aचैत्रबन
650 _aकविता
730 _aचैत्रबन
942 _cBOOK
999 _c649962
_d649959